000 00563nam a2200217Ia 4500
003 OSt
005 20220928140753.0
006 a|||||r|||| 00| 0
007 ta
008 220927b |||||||| |||| 00| 0 eng d
024 _a11728
037 _cTextual
040 _aSDCL
_cSDCL
_beng
041 _2eng
_aeng
082 _aO-,3M85:g, K0
100 _aVivas Eliseo
_9497558
245 0 _aD H Lawrence
_bThe failure and the triumph of art.
260 _c1960
942 _hO-,3M85:g, K0
_cTEXL
_2CC
999 _c814146
_d814146